Colombia: el desarrrollo rural como mecanismo de control social /
সংরক্ষণ করুন:
| প্রধান লেখক: | |
|---|---|
| বিন্যাস: | পাঠ্য |
| বিষয়গুলি: | |
| ট্যাগগুলো: |
ট্যাগ যুক্ত করুন
কোনো ট্যাগ নেই, প্রথমজন হিসাবে ট্যাগ করুন!
|
MARC
| LEADER | 00000 a a2200000 04500 | ||
|---|---|---|---|
| 001 | 44288 | ||
| 003 | |||
| 040 | |||
| 100 | |a Galli E, Rosemary | ||
| 245 | |a Colombia: |b el desarrrollo rural como mecanismo de control social / |c Rosemary E Galli | ||
| 650 | |a DESARROLLO RURAL | ||
| 650 | |a CONTROL SOCIAL | ||
| 650 | |a COLOMBIA | ||
| 650 | |a AGRICULTURA | ||
| 650 | |a VIOLENCIA | ||
| 650 | |a MILITARISMO | ||
| 650 | |a REFORMA AGRARIA | ||
| 773 | |g volumen41, número2 (1979), Páginas 545- 570 | ||
| 999 | |c 20604 |d 20604 | ||
